Numerical analysis and computation : theory and practice /
Guardado en:
| Autor Principal: | |
|---|---|
| Formato: | Libro |
| Idioma: | English |
| Publicado: |
Reading, Mass. :
Addison-Wesley Pub. Co.,
1972.
|
| Series: | Addison-Wesley series in mathematics
|
| Materias: | |
| Etiquetas: |
Agregar Etiqueta
Sin Etiquetas, Sea el primero en etiquetar este registro!
|
| LEADER | 00805cam a22002175a 4500 | ||
|---|---|---|---|
| 001 | EIQ.libpla000310 | ||
| 008 | 720925s1972####mau###########001#0#eng#d | ||
| 005 | 20060511194158.0 | ||
| 245 | 1 | 0 | |a Numerical analysis and computation : |b theory and practice / |c E. K. Blum. |
| 260 | |a Reading, Mass. : |b Addison-Wesley Pub. Co., |c 1972. | ||
| 300 | |a xii, 612 p. ; |c 25 cm. | ||
| 490 | 0 | |a Addison-Wesley series in mathematics | |
| 100 | 1 | |a Blum, E. K. |q (Edward K.), |d 1923- | |
| 082 | 0 | 0 | |a 519.4 |
| 650 | 4 | |a Computadores |x Teoría y aplicaciones. | |
| 650 | 4 | |a Análisis numérico. |x Teoría y aplicaciones. | |
| 650 | 4 | |a Numerical analysis |x Theory and applications | |
| 650 | 4 | |a Computers |x Theory and applications. | |
| 010 | |a 79150574 | ||
| 040 | |a DLC |c DLC |d AR-BbSID | ||
| 859 | |a AR-BbSID |b BIB. PLAPIQUI |h 519.4 |i B 624 |p 228 | ||
